000 00344 a2200145 4500
001 155776
040 _cEscola São Tomás de Aquino
100 _aDORIGO, Gianpaolo
240 1 0 _aHistória Geral e do Brasil
_lpor
245 1 0 _aHistória Geral e do Brasil
300 _a32
440 1 _aScipione
697 _aAtlas Histórico
942 _cBK
999 _c155776
_d155776